<?xml version="1.0" encoding="UTF-8"?>
<record
    xmlns:xsi="http://www.w3.org/2001/XMLSchema-instance"
    xsi:schemaLocation="http://www.loc.gov/MARC21/slim http://www.loc.gov/standards/marcxml/schema/MARC21slim.xsd"
    xmlns="http://www.loc.gov/MARC21/slim">

  <leader>00493nam a22001577a 4500</leader>
  <controlfield tag="003">OSt</controlfield>
  <controlfield tag="005">20151120094258.0</controlfield>
  <controlfield tag="008">151120b        xxu||||| |||| 00| 0 eng d</controlfield>
  <datafield tag="040" ind1=" " ind2=" ">
    <subfield code="c">RUA</subfield>
  </datafield>
  <datafield tag="082" ind1=" " ind2=" ">
    <subfield code="a">FIS &#x179F;&#x17C1;&#x1784; 1995 B157 Or.1</subfield>
  </datafield>
  <datafield tag="100" ind1=" " ind2=" ">
    <subfield code="9">3942</subfield>
    <subfield code="a">&#x179F;&#x17C1;&#x1784; &#x179B;&#x17B6;&#x1784;</subfield>
  </datafield>
  <datafield tag="245" ind1=" " ind2=" ">
    <subfield code="a">the effectiveness of saving the money (&#x1794;&#x17D2;&#x179A;&#x179F;&#x17B7;&#x1791;&#x17D2;&#x1792;&#x1797;&#x17B6;&#x1796;&#x1793;&#x17C3;&#x1780;&#x17B6;&#x179A;&#x179F;&#x1793;&#x17D2;&#x179F;&#x17C6;&#x1794;&#x17D2;&#x179A;&#x17B6;&#x1780;&#x17CB;)</subfield>
  </datafield>
  <datafield tag="260" ind1=" " ind2=" ">
    <subfield code="a">Phnom Penh</subfield>
    <subfield code="b">RUA</subfield>
    <subfield code="c">1995</subfield>
  </datafield>
  <datafield tag="300" ind1=" " ind2=" ">
    <subfield code="a">96p.</subfield>
    <subfield code="b">ill.</subfield>
    <subfield code="c">29cm.</subfield>
  </datafield>
  <datafield tag="942" ind1=" " ind2=" ">
    <subfield code="2">ddc</subfield>
    <subfield code="c">FIS</subfield>
  </datafield>
  <datafield tag="999" ind1=" " ind2=" ">
    <subfield code="c">3664</subfield>
    <subfield code="d">3664</subfield>
  </datafield>
  <datafield tag="952" ind1=" " ind2=" ">
    <subfield code="0">0</subfield>
    <subfield code="1">0</subfield>
    <subfield code="2">ddc</subfield>
    <subfield code="4">0</subfield>
    <subfield code="6">FIS_&#x179F;&#x17C1;&#x1784;_1995_000000000000000_B157_OR_1</subfield>
    <subfield code="7">0</subfield>
    <subfield code="9">18062</subfield>
    <subfield code="a">LBB</subfield>
    <subfield code="b">LBB</subfield>
    <subfield code="c">B157</subfield>
    <subfield code="d">2015-11-20</subfield>
    <subfield code="o">FIS &#x179F;&#x17C1;&#x1784; 1995 B157 Or.1</subfield>
    <subfield code="p">RUA011587</subfield>
    <subfield code="r">2015-11-20</subfield>
    <subfield code="w">2015-11-20</subfield>
    <subfield code="y">FIS</subfield>
  </datafield>
  <datafield tag="952" ind1=" " ind2=" ">
    <subfield code="0">0</subfield>
    <subfield code="1">0</subfield>
    <subfield code="2">ddc</subfield>
    <subfield code="4">0</subfield>
    <subfield code="6">FIS_&#x179F;&#x17C1;&#x1784;_1995_000000000000000_B157_OR_2</subfield>
    <subfield code="7">0</subfield>
    <subfield code="9">18063</subfield>
    <subfield code="a">LBB</subfield>
    <subfield code="b">LBB</subfield>
    <subfield code="c">B157</subfield>
    <subfield code="d">2015-11-20</subfield>
    <subfield code="o">FIS &#x179F;&#x17C1;&#x1784; 1995 B157 Or.2</subfield>
    <subfield code="p">RUA011659</subfield>
    <subfield code="r">2015-11-20</subfield>
    <subfield code="w">2015-11-20</subfield>
    <subfield code="y">FIS</subfield>
  </datafield>
  <datafield tag="952" ind1=" " ind2=" ">
    <subfield code="0">0</subfield>
    <subfield code="1">0</subfield>
    <subfield code="2">ddc</subfield>
    <subfield code="4">0</subfield>
    <subfield code="6">FIS_&#x179F;&#x17C1;&#x1784;_1995_000000000000000_B157_OR_3</subfield>
    <subfield code="7">0</subfield>
    <subfield code="9">18064</subfield>
    <subfield code="a">LBB</subfield>
    <subfield code="b">LBB</subfield>
    <subfield code="c">B157</subfield>
    <subfield code="d">2015-11-20</subfield>
    <subfield code="o">FIS &#x179F;&#x17C1;&#x1784; 1995 B157 Or.3</subfield>
    <subfield code="p">RUA011804</subfield>
    <subfield code="r">2015-11-20</subfield>
    <subfield code="w">2015-11-20</subfield>
    <subfield code="y">FIS</subfield>
  </datafield>
  <datafield tag="952" ind1=" " ind2=" ">
    <subfield code="0">0</subfield>
    <subfield code="1">0</subfield>
    <subfield code="2">ddc</subfield>
    <subfield code="4">0</subfield>
    <subfield code="6">FIS_&#x179F;&#x17C1;&#x1784;_1995_000000000000000_B157_OR_4</subfield>
    <subfield code="7">0</subfield>
    <subfield code="9">18066</subfield>
    <subfield code="a">LBB</subfield>
    <subfield code="b">LBB</subfield>
    <subfield code="c">B157</subfield>
    <subfield code="d">2015-11-20</subfield>
    <subfield code="o">FIS &#x179F;&#x17C1;&#x1784; 1995 B157 Or.4</subfield>
    <subfield code="p">RUA028929</subfield>
    <subfield code="r">2015-11-20</subfield>
    <subfield code="w">2015-11-20</subfield>
    <subfield code="y">FIS</subfield>
  </datafield>
  <datafield tag="952" ind1=" " ind2=" ">
    <subfield code="0">0</subfield>
    <subfield code="1">0</subfield>
    <subfield code="2">ddc</subfield>
    <subfield code="4">0</subfield>
    <subfield code="6">FIS_&#x179F;&#x17C1;&#x1784;_1995_000000000000000_B157_OR_5</subfield>
    <subfield code="7">0</subfield>
    <subfield code="9">18135</subfield>
    <subfield code="a">LBB</subfield>
    <subfield code="b">LBB</subfield>
    <subfield code="c">B157</subfield>
    <subfield code="d">2015-11-20</subfield>
    <subfield code="o">FIS &#x179F;&#x17C1;&#x1784; 1995 B157 Or.5</subfield>
    <subfield code="p">RUA011714</subfield>
    <subfield code="r">2015-11-20</subfield>
    <subfield code="w">2015-11-20</subfield>
    <subfield code="y">FIS</subfield>
  </datafield>
  <datafield tag="952" ind1=" " ind2=" ">
    <subfield code="0">0</subfield>
    <subfield code="1">0</subfield>
    <subfield code="2">ddc</subfield>
    <subfield code="4">0</subfield>
    <subfield code="6">FIS_&#x179F;&#x17C1;&#x1784;_1995_000000000000000_B157_OR_6</subfield>
    <subfield code="7">0</subfield>
    <subfield code="9">18136</subfield>
    <subfield code="a">LBB</subfield>
    <subfield code="b">LBB</subfield>
    <subfield code="c">B157</subfield>
    <subfield code="d">2015-11-20</subfield>
    <subfield code="o">FIS &#x179F;&#x17C1;&#x1784; 1995 B157 Or.6</subfield>
    <subfield code="p">RUA011786</subfield>
    <subfield code="r">2015-11-20</subfield>
    <subfield code="w">2015-11-20</subfield>
    <subfield code="y">FIS</subfield>
  </datafield>
  <datafield tag="952" ind1=" " ind2=" ">
    <subfield code="0">0</subfield>
    <subfield code="1">0</subfield>
    <subfield code="2">ddc</subfield>
    <subfield code="4">0</subfield>
    <subfield code="6">FIS_&#x179F;&#x17C1;&#x1784;_1995_000000000000000_B157_OR_7</subfield>
    <subfield code="7">0</subfield>
    <subfield code="9">18137</subfield>
    <subfield code="a">LBB</subfield>
    <subfield code="b">LBB</subfield>
    <subfield code="c">B157</subfield>
    <subfield code="d">2015-11-20</subfield>
    <subfield code="o">FIS &#x179F;&#x17C1;&#x1784; 1995 B157 Or.7</subfield>
    <subfield code="p">RUA011715</subfield>
    <subfield code="r">2015-11-20</subfield>
    <subfield code="w">2015-11-20</subfield>
    <subfield code="y">FIS</subfield>
  </datafield>
  <datafield tag="952" ind1=" " ind2=" ">
    <subfield code="0">0</subfield>
    <subfield code="1">0</subfield>
    <subfield code="2">ddc</subfield>
    <subfield code="4">0</subfield>
    <subfield code="6">FIS_&#x179F;&#x17C1;&#x1784;_1995_000000000000000_B157_OR_8</subfield>
    <subfield code="7">0</subfield>
    <subfield code="9">18138</subfield>
    <subfield code="a">LBB</subfield>
    <subfield code="b">LBB</subfield>
    <subfield code="c">B157</subfield>
    <subfield code="d">2015-11-20</subfield>
    <subfield code="o">FIS &#x179F;&#x17C1;&#x1784; 1995 B157 Or.8</subfield>
    <subfield code="p">RUA011788</subfield>
    <subfield code="r">2015-11-20</subfield>
    <subfield code="w">2015-11-20</subfield>
    <subfield code="y">FIS</subfield>
  </datafield>
  <datafield tag="952" ind1=" " ind2=" ">
    <subfield code="0">0</subfield>
    <subfield code="1">0</subfield>
    <subfield code="2">ddc</subfield>
    <subfield code="4">0</subfield>
    <subfield code="6">FIS_&#x179F;&#x17C1;&#x1784;_1995_000000000000000_B157_OR_9</subfield>
    <subfield code="7">0</subfield>
    <subfield code="9">18139</subfield>
    <subfield code="a">LBB</subfield>
    <subfield code="b">LBB</subfield>
    <subfield code="c">B157</subfield>
    <subfield code="d">2015-11-20</subfield>
    <subfield code="o">FIS &#x179F;&#x17C1;&#x1784; 1995 B157 Or.9</subfield>
    <subfield code="p">RUA011942</subfield>
    <subfield code="r">2015-11-20</subfield>
    <subfield code="w">2015-11-20</subfield>
    <subfield code="y">FIS</subfield>
  </datafield>
  <datafield tag="952" ind1=" " ind2=" ">
    <subfield code="0">0</subfield>
    <subfield code="1">0</subfield>
    <subfield code="2">ddc</subfield>
    <subfield code="4">0</subfield>
    <subfield code="6">FIS_&#x179F;&#x17C1;&#x1784;_1995_000000000000000_B157_OR_10</subfield>
    <subfield code="7">0</subfield>
    <subfield code="9">18140</subfield>
    <subfield code="a">LBB</subfield>
    <subfield code="b">LBB</subfield>
    <subfield code="c">B157</subfield>
    <subfield code="d">2015-11-20</subfield>
    <subfield code="o">FIS &#x179F;&#x17C1;&#x1784; 1995 B157 Or.10</subfield>
    <subfield code="p">RUA011515</subfield>
    <subfield code="r">2015-11-20</subfield>
    <subfield code="w">2015-11-20</subfield>
    <subfield code="y">FIS</subfield>
  </datafield>
</record>
